000 00693cam a2200229u 4500
999 _c2816
_d2816
001 7507070
003 GBCCL
005 20241126110440.0
008 830616s1962 xx 000 0 eng
010 _asa 63000789
040 _aDLC
_cCarP
_dDLC
050 0 0 _aLB775.G22
_bS55 1962
082 _a370.12
_bAGG
100 2 _aAggarwal, J.C.
_95924
245 1 4 _aThe theory and principles of education :
_bphilosophical and sociological bases of education.
250 _a9th rev ed.
260 _aNew Delhi,
_bVikas publishing,
_c1995.
300 _a430 p.
_c18 cm.
650 _aEducation
_vtheory and practical
_95925
906 _a0
_bcbc
_cpremunv
_du
_encip
_f19
_gy-gencatlg
942 _2ddc
_cBK
_03